| 000 | 00462nam a22001817a 4500 | ||
|---|---|---|---|
| 005 | 20250327160539.0 | ||
| 008 | 250327b |||||||| |||| 00| 0 eng d | ||
| 020 | _a9783030803926 | ||
| 041 | _aeng | ||
| 082 | _a368 ZWE | ||
| 100 | _aZweifel, Peter | ||
| 245 | _aInsurance Economics | ||
| 260 |
_aSwitzerland _bSpringer Nature _c2024 |
||
| 300 | _a531;. pages: 24 cm | ||
| 650 | _aInsurance | ||
| 700 | _aEisen, Roland and Eckles, David L. | ||
| 942 | _cBK | ||
| 999 |
_c43453 _d43453 |
||